01090nam a2200289 a 4500001000900000005001700009008004100026020001500067041000800082044000600090050002300096100003500119245017200154260005800326300004700384440005600431500003400487500004200521500001100563504003100574650003700605650003000642650004600672650003900718700002100757700002200778BRL_128120190320211127.0191213s1981----u--a######---#000-0#eng-# a0806116501 aeng au 4aF1219.3b.A53 19811 aAnawalt, Patricia Rieffd1924-10aIndian clothing before CortésbMesoamerican costumes from the codicescby Patricia Rieff Anawalt ; foreword by H. B. Nicholson ; charts prepared by Jean Cuker Sells. aNorman, OklahomabUniversity of Oklahoma Presscc1981 axix, 232 p.bil. (algunas a color)c31 cm. 0aThe civilization of the American Indian seriesv156 aIncluye índice alfabético aIncluye dedicatoria para Ruth Lechuga aAu1484 aBibliografía: p. 219-22514aIndígenas de MéxicoxVestido14aArte indígenazMéxico14aIndígenas de América CentralxVestido14aArte indígenazAmérica Central1 aNicholson, H. B.1 aCuker Sells, Jean